| 000 | 00447nam a2200181Ia 4500 | ||
|---|---|---|---|
| 001 | 8328 | ||
| 005 | 20260306160601.0 | ||
| 008 | 260306t2008||||xx |||||||||||||| ||spa|| | ||
| 041 | _aESP | ||
| 082 |
_a370.155 _bS24 |
||
| 100 |
_aSánchez Rodríguez, Josefina _eAUT |
||
| 245 | 0 | _aRecursos y estrategias en psicomotricidad | |
| 260 | _c2008 | ||
| 300 |
_a172 páginas : _c24 cm. |
||
| 650 | _aGEN | ||
| 654 | _aCED | ||
| 942 |
_cLIB _dJUS _fJUS _2ddc _n |
||
| 999 |
_c8328 _d8328 |
||